[Event "Ibague op"]
[Site "Ibague"]
[Date "2022.10.05"]
[Round "1"]
[White "Lopez Rayo, Santiago"]
[Black "Pardo Sierra, Aurelio"]
[Result "1-0"]
[WhiteElo "2266"]
[BlackElo "1949"]
[PlyCount "97"]
[EventDate "2022.10.05"]
[EventType "swiss"]
[EventRounds "10"]
[EventCountry "COL"]
[SourceTitle "CBM 210 Extra"]
[Source "ChessBase"]
[SourceDate "2022.11.30"]
[SourceVersion "1"]
[SourceVersionDate "2022.11.30"]
[SourceQuality "1"]

1. e4 c6 2. d4 d5 3. Nc3 dxe4 4. Nxe4 Bf5 5. Ng3 Bg6 6. Nf3 Nd7 7. h4 h6 8. h5 Bh7 9. Bd3 Bxd3 10. Qxd3 e6 11. Bd2 Ngf6 12. 0-0-0 a5 13. Rde1 Be7 14. Ne4 Nd5 15. Kb1 b5 16. g4 Qb6 17. g5 b4 18. g6 f6 19. Nh4 0-0-0 20. Ng3 Ne5 21. Qe2 Nc3+ 22. Bxc3 bxc3 23. b3 Rxd4 24. Nf3 Rd5 25. Nxe5 Rxe5 26. Qc4 Qb5 27. Qxc3 Bb4 28. Rxe5 Bxc3 29. Rxb5 cxb5 30. Ne2 Be5 31. f4 Bb8 32. Nd4 Re8 33. f5 e5 34. Ne6 Re7 35. Rd1 Bc7 36. c4 bxc4 37. bxc4 Kb7 38. Kc2 Kc6 39. c5 a4 40. Kc3 Ba5+ 41. Kc4 e4 42. Rd6+ Kb7 43. c6+ Kc8 44. Kd4 Bc7 45. Rd5 Kb8 46. Rd7 Re8 47. Rxc7 e3 48. Rb7+ Kc8 49. Kxe3 1-0

[Event "COL Subzt 2.3.4"]
[Site "Risarald"]
[Date "2021.11.24"]
[Round "3"]
[White "Pardo Sierra, Aurelio"]
[Black "Gonzalez Bolivar, Juan Jose"]
[Result "1-0"]
[WhiteElo "1982"]
[BlackElo "1427"]
[PlyCount "83"]
[EventDate "2021.11.23"]
[EventType "swiss"]
[EventRounds "9"]
[EventCountry "COL"]
[SourceTitle "CBM 205 Extra"]
[Source "ChessBase"]
[SourceDate "2022.01.31"]
[SourceVersion "1"]
[SourceVersionDate "2022.01.31"]
[SourceQuality "1"]

1. d4 Nf6 2. c4 e6 3. Nc3 Bb4 4. e3 0-0 5. Nge2 d5 6. a3 Be7 7. Ng3 c5 8. dxc5 Bxc5 9. b4 Bb6 10. c5 Bc7 11. Bb2 e5 12. Nb5 Nc6 13. Nxc7 Qxc7 14. Bd3 d4 15. exd4 exd4 16. 0-0 Rd8 17. Qd2 Ne5 18. Rac1 b6 19. Be4 Nxe4 20. Nxe4 Ba6 21. Rfd1 Nd3 22. cxb6 Qe5 23. b7 Rab8 24. Nc5 Nxc1 25. Nxa6 Nb3 26. Qd3 Rxb7 27. Qxb3 Qe2 28. Nc5 Re7 29. Nd3 Rde8 30. h3 Re4 31. b5 Rb8 32. Re1 Qxe1+ 33. Nxe1 Rxe1+ 34. Kh2 a6 35. b6 Rb1 36. Qc2 Re1 37. Bxd4 Ree8 38. Qc4 Re4 39. Qc7 Rbe8 40. b7 Rxd4 41. b8Q Rde4 42. Qbb7 1-0

[Event "Ibague op"]
[Site "Ibague"]
[Date "2021.10.22"]
[Round "5"]
[White "Gonzalez Mojica, Renan Arturo"]
[Black "Pardo Sierra, Aurelio"]
[Result "1-0"]
[WhiteElo "1793"]
[BlackElo "2022"]
[PlyCount "99"]
[EventDate "2021.10.20"]
[EventType "swiss"]
[EventRounds "9"]
[EventCountry "COL"]
[SourceTitle "CBM 204 Extra"]
[Source "ChessBase"]
[SourceDate "2021.11.30"]
[SourceVersion "1"]
[SourceVersionDate "2021.11.30"]
[SourceQuality "1"]

1. d4 d5 2. c4 e6 3. Nc3 c5 4. cxd5 cxd4 5. Qxd4 exd5 6. Nf3 Nc6 7. Qd1 Nf6 8. g3 d4 9. Nb1 Bb4+ 10. Bd2 Bc5 11. Bg2 Qb6 12. Qb3 Qa6 13. 0-0 0-0 14. Re1 Be6 15. Qc2 Qb6 16. Rc1 Be7 17. Na3 h6 18. Nc4 Qb5 19. Qb3 Qa6 20. Qd3 Rfd8 21. Nce5 Nxe5 22. Nxe5 Qb6 23. a4 Rac8 24. Qb5 Rxc1+ 25. Bxc1 Bd5 26. Qxb6 axb6 27. Bd2 Bxg2 28. Kxg2 Ne4 29. Rd1 Rc8 30. Kf3 f5 31. b3 Rc2 32. Nc4 g5 33. g4 Nc5 34. Nxb6 fxg4+ 35. Kxg4 Ne4 36. Be1 Rxe2 37. Kf3 Rxe1 38. Rxe1 Nd2+ 39. Kg2 Bc5 40. Nd7 Bb4 41. Rd1 Bc3 42. Nf6+ Kf7 43. Nd5 Nxb3 44. Nxc3 dxc3 45. Rd7+ Ke6 46. Rc7 Kd5 47. Rxc3 Nc5 48. a5 h5 49. h4 gxh4 50. Rh3 1-0

[Event "Ibague op"]
[Site "Ibague"]
[Date "2021.10.22"]
[Round "6"]
[White "Pardo Sierra, Aurelio"]
[Black "Ospina, Juan David"]
[Result "1-0"]
[WhiteElo "2022"]
[BlackElo "1631"]
[PlyCount "79"]
[EventDate "2021.10.20"]
[EventType "swiss"]
[EventRounds "9"]
[EventCountry "COL"]
[SourceTitle "CBM 204 Extra"]
[Source "ChessBase"]
[SourceDate "2021.11.30"]
[SourceVersion "1"]
[SourceVersionDate "2021.11.30"]
[SourceQuality "1"]

1. d4 Nf6 2. c4 g6 3. Nc3 d5 4. Bf4 Bg7 5. e3 0-0 6. Qb3 dxc4 7. Qxc4 c6 8. Nf3 Be6 9. Qa4 Nbd7 10. e4 Nb6 11. Qc2 Qc8 12. Be2 Rd8 13. 0-0 Nh5 14. Bg5 Nf6 15. Rfd1 h6 16. Bf4 Nh5 17. Be3 Nf6 18. a4 Qb8 19. Ne5 Nbd7 20. Nd3 Ng4 21. Bf4 Qc8 22. h3 Ngf6 23. Bg3 Nf8 24. Nf4 Bd7 25. e5 Nd5 26. Ncxd5 cxd5 27. Qb3 Bc6 28. Qa3 Qd7 29. b4 b5 30. a5 a6 31. Rac1 e6 32. Nd3 Rdc8 33. Bh4 g5 34. Bg3 Ng6 35. Rf1 f5 36. exf6 Bxf6 37. Nc5 Qf7 38. Bh5 Bxd4 39. Qd3 Bxc5 40. Bxg6 1-0

[Event "Ibague op"]
[Site "Ibague"]
[Date "2021.10.20"]
[Round "1"]
[White "Pardo Sierra, Aurelio"]
[Black "Herrera Cortes, Luis Felipe"]
[Result "1-0"]
[WhiteElo "2022"]
[BlackElo "1355"]
[PlyCount "75"]
[EventDate "2021.10.20"]
[EventType "swiss"]
[EventRounds "9"]
[EventCountry "COL"]
[SourceTitle "CBM 204 Extra"]
[Source "ChessBase"]
[SourceDate "2021.11.30"]
[SourceVersion "1"]
[SourceVersionDate "2021.11.30"]
[SourceQuality "1"]

1. d4 Nf6 2. c4 g6 3. Nc3 Bg7 4. e4 d6 5. Be2 b6 6. Nf3 Bb7 7. Qc2 Nfd7 8. Be3 e5 9. 0-0 exd4 10. Nxd4 0-0 11. Rad1 Re8 12. b4 c5 13. Ndb5 Bxc3 14. Qxc3 Bxe4 15. Nxd6 Re6 16. Nxe4 Rxe4 17. Bf3 Qe7 18. Qd3 Nf6 19. Qd8+ Qxd8 20. Rxd8+ Kg7 21. Bg5 Nbd7 22. Rxa8 Rxc4 23. bxc5 Rxc5 24. Bxf6+ Nxf6 25. Rxa7 g5 26. h3 h5 27. Bd1 Ne4 28. Bxh5 Rf5 29. Bg4 Rd5 30. Be6 Rd2 31. Bxf7 Kh6 32. Be6 Nc5 33. Bf5 g4 34. hxg4 Kg5 35. Rf7 Rxa2 36. f4+ Kh4 37. Rh7+ Kg3 38. Rh3# 1-0

[Event "Ibague op"]
[Site "Ibague"]
[Date "2021.10.20"]
[Round "2"]
[White "Penas Burgos, Nestor"]
[Black "Pardo Sierra, Aurelio"]
[Result "0-1"]
[WhiteElo "1655"]
[BlackElo "2022"]
[PlyCount "68"]
[EventDate "2021.10.20"]
[EventType "swiss"]
[EventRounds "9"]
[EventCountry "COL"]
[SourceTitle "CBM 204 Extra"]
[Source "ChessBase"]
[SourceDate "2021.11.30"]
[SourceVersion "1"]
[SourceVersionDate "2021.11.30"]
[SourceQuality "1"]

1. Nc3 d5 2. e4 c6 3. d4 dxe4 4. Nxe4 Bf5 5. Bd3 Nd7 6. Nf3 Ngf6 7. Nxf6+ Nxf6 8. c3 Bxd3 9. Qxd3 e6 10. Ne5 Be7 11. a3 0-0 12. g4 Qd5 13. f3 Rad8 14. Be3 Qxe5 15. dxe5 Rxd3 16. Ke2 Rxe3+ 17. Kxe3 Bc5+ 18. Ke2 Nd5 19. Kd3 Nf4+ 20. Kc4 Be3 21. Rad1 Nd5 22. Kd3 Bb6 23. Ke4 f5+ 24. exf6 Rxf6 25. Rd3 Kf7 26. Ke5 Bc7+ 27. Kd4 Rf4+ 28. Kc5 Ke7 29. Rd4 Bb6+ 30. Kc4 Bxd4 31. cxd4 Rxf3 32. a4 Kd6 33. Rc1 a5 34. h4 Nb6# 0-1

[Event "Soacha op-A"]
[Site "Soacha"]
[Date "2021.09.11"]
[Round "7"]
[White "Dominguez Rincon, Miller Duvan"]
[Black "Pardo Sierra, Aurelio"]
[Result "0-1"]
[WhiteElo "1998"]
[BlackElo "2013"]
[PlyCount "70"]
[EventDate "2021.09.08"]
[EventType "swiss"]
[EventRounds "10"]
[EventCountry "COL"]
[SourceTitle "CBM 204 Extra"]
[Source "ChessBase"]
[SourceDate "2021.11.30"]
[SourceVersion "1"]
[SourceVersionDate "2021.11.30"]
[SourceQuality "1"]

1. e4 c6 2. d4 d5 3. Nc3 dxe4 4. Nxe4 Bf5 5. Ng3 Bg6 6. Nf3 Nd7 7. Bd3 Ngf6 8. 0-0 e6 9. Re1 Be7 10. c4 a5 11. b3 a4 12. Bxg6 hxg6 13. Bf4 Qa5 14. Ne5 Bb4 15. Re2 Rd8 16. a3 Bc3 17. Rb1 axb3 18. Rxb3 Nc5 19. Rxb7 Nxb7 20. Nxc6 Qxa3 21. Nxd8 Nxd8 22. Bc1 Qa1 23. d5 0-0 24. Rc2 exd5 25. cxd5 Nb7 26. h3 Nd6 27. Kh2 Be5 28. Qd3 Qd4 29. Qb3 Qxd5 30. Qb6 Nde4 31. Be3 Qd3 32. Ra2 Nxg3 33. fxg3 Nd5 34. Qc5 Qxe3 35. Qxd5 Bxg3+ 0-1

[Event "Soacha op-A"]
[Site "Soacha"]
[Date "2021.09.11"]
[Round "8"]
[White "Pardo Sierra, Aurelio"]
[Black "Pazos Gambarrotti, Plinio Efrain"]
[Result "1/2-1/2"]
[WhiteElo "2013"]
[BlackElo "2063"]
[PlyCount "101"]
[EventDate "2021.09.08"]
[EventType "swiss"]
[EventRounds "10"]
[EventCountry "COL"]
[SourceTitle "CBM 204 Extra"]
[Source "ChessBase"]
[SourceDate "2021.11.30"]
[SourceVersion "1"]
[SourceVersionDate "2021.11.30"]
[SourceQuality "1"]

1. d4 Nf6 2. Nf3 e6 3. Bg5 d5 4. e3 c5 5. c3 Nc6 6. Bd3 Bd6 7. Nbd2 h6 8. Bh4 e5 9. dxe5 Nxe5 10. Nxe5 Bxe5 11. Nf3 Bc7 12. Bb5+ Kf8 13. Bg3 Bg4 14. Be2 Bxg3 15. hxg3 Qe7 16. Qa4 g6 17. Rd1 Kg7 18. Rh4 Be6 19. b4 Ne4 20. bxc5 Qxc5 21. Qd4+ Qxd4 22. cxd4 Rhc8 23. Bd3 g5 24. Rh1 Rc3 25. Bb1 Rac8 26. Ne5 Rc1 27. Nd3 Rxd1+ 28. Kxd1 Bd7 29. f3 Ba4+ 30. Ke1 Nc3 31. Kd2 Nxb1+ 32. Rxb1 Rc2+ 33. Ke1 Bc6 34. Rb2 Rxb2 35. Nxb2 a5 36. g4 b5 37. a3 Bd7 38. Nd3 f5 39. Nc5 Bc8 40. gxf5 Bxf5 41. g4 Bc8 42. Kd2 Kg6 43. Nb3 b4 44. axb4 axb4 45. Nc5 h5 46. gxh5+ Kxh5 47. Nd3 Kh4 48. Nxb4 Kg3 49. Nxd5 Kxf3 50. Nf6 g4 51. Nxg4 1/2-1/2

[Event "Soacha op-A"]
[Site "Soacha"]
[Date "2021.09.10"]
[Round "5"]
[White "Oliveros, Camilo"]
[Black "Pardo Sierra, Aurelio"]
[Result "1-0"]
[WhiteElo "2191"]
[BlackElo "2013"]
[PlyCount "81"]
[EventDate "2021.09.08"]
[EventType "swiss"]
[EventRounds "10"]
[EventCountry "COL"]
[SourceTitle "CBM 204 Extra"]
[Source "ChessBase"]
[SourceDate "2021.11.30"]
[SourceVersion "1"]
[SourceVersionDate "2021.11.30"]
[SourceQuality "1"]

1. e4 c6 2. d4 d5 3. Nc3 dxe4 4. Nxe4 Bf5 5. Ng3 Bg6 6. Bc4 Nf6 7. N1e2 e6 8. 0-0 Bd6 9. f4 0-0 10. f5 exf5 11. Nxf5 Bc7 12. Bg5 Bxh2+ 13. Kh1 Nbd7 14. g3 Re8 15. Bxf6 Nxf6 16. Kxh2 Ng4+ 17. Kg1 Qg5 18. Qc1 Qh5 19. Nh4 Re3 20. Qd2 Qh6 21. Rf3 Rae8 22. Nf4 b5 23. Bf1 R3e7 24. Nhxg6 Re2 25. Qxe2 Rxe2 26. Nh4 Re8 27. Bh3 Nf6 28. Raf1 g5 29. Nfg2 Nd5 30. Bd7 Re2 31. Nf5 Qf6 32. c3 a5 33. Nfe3 Qd6 34. Be8 f6 35. Bh5 Rxb2 36. Nxd5 Qxd5 37. Ne3 Qd6 38. d5 Qxd5 39. Ng4 Qxa2 40. Rxf6 Qa3 41. Rf7 1-0

[Event "COL-ch Amateur U2300"]
[Site "Paipa"]
[Date "2020.02.29"]
[Round "5"]
[White "Pardo Sierra, Aurelio"]
[Black "Silva, Jorge"]
[Result "1/2-1/2"]
[WhiteElo "1991"]
[BlackElo "1987"]
[PlyCount "57"]
[EventDate "2020.02.26"]
[EventType "swiss"]
[EventRounds "7"]
[EventCountry "COL"]
[SourceTitle "EXT 2021"]
[Source "ChessBase"]
[SourceDate "2020.10.23"]
[SourceVersion "1"]
[SourceVersionDate "2020.10.23"]
[SourceQuality "1"]

1. d4 Nf6 2. c4 e6 3. Nc3 d5 4. Bg5 Be7 5. e3 h6 6. Bh4 0-0 7. Nf3 Ne4 8. Bxe7 Qxe7 9. Nxe4 dxe4 10. Nd2 f5 11. g3 c5 12. Nb3 cxd4 13. Qxd4 Rd8 14. Qc3 Nc6 15. a3 b6 16. Be2 Ba6 17. 0-0 Rac8 18. Rfd1 Qf6 19. Rxd8+ Rxd8 20. Qxf6 gxf6 21. Rc1 Kf7 22. Rc2 Ke7 23. Kf1 Rd7 24. c5 Rd1+ 25. Kg2 Bxe2 26. Rxe2 bxc5 27. Nxc5 Ne5 28. Nb3 Nf3 29. h4 1/2-1/2

[Event "COL-chT rapid"]
[Site "Cartagena"]
[Date "2019.11.29"]
[Round "7.3"]
[White "Pardo Sierra, Aurelio"]
[Black "Mosquera Klinger, Miguel Alonso"]
[Result "0-1"]
[WhiteElo "2002"]
[BlackElo "2343"]
[PlyCount "110"]
[EventDate "2019.11.29"]
[EventType "team-swiss"]
[EventRounds "7"]
[EventCountry "COL"]
[SourceTitle "CBM 193 Extra"]
[Source "ChessBase"]
[SourceDate "2020.01.31"]
[SourceVersion "1"]
[SourceVersionDate "2020.01.31"]
[SourceQuality "1"]
[WhiteTeam "Tolima"]
[BlackTeam "Bogota"]
[WhiteTeamCountry "COL"]
[BlackTeamCountry "COL"]

1. d4 d5 2. c4 c6 3. cxd5 cxd5 4. Nc3 Nf6 5. Bf4 Nc6 6. e3 Bf5 7. Nf3 e6 8. Bb5 Nd7 9. 0-0 Be7 10. Rc1 0-0 11. Bd3 Bxd3 12. Qxd3 Rc8 13. e4 dxe4 14. Nxe4 Nf6 15. Rfd1 Qa5 16. Nfg5 Nxe4 17. Nxe4 Rfd8 18. Nc3 Rxd4 19. Qg3 Rxd1+ 20. Rxd1 Rd8 21. Re1 Qf5 22. Be3 Bd6 23. Qh4 Be5 24. Qc4 Qc2 25. Bc1 Bxc3 26. Qxc3 Qxc3 27. bxc3 Rd3 28. Bb2 Rd2 29. Rb1 f6 30. Kf1 Ne5 31. Bc1 Rxa2 32. Be3 b6 33. Rd1 Ng4 34. Bd2 Nxh2+ 35. Ke2 Ng4 36. f4 Kf7 37. Kf3 h5 38. Be1 Kg6 39. Rd6 Kf5 40. Rd7 g6 41. Bd2 h4 42. Rd8 e5 43. Rd5 Rb2 44. fxe5 Nxe5+ 45. Ke2 g5 46. Kd1 Ke6 47. Rd4 b5 48. Kc1 Ra2 49. Kb1 Ra4 50. Rd8 Rg4 51. Rb8 Rxg2 52. Be3 a6 53. Rb6+ Kf5 54. Rxa6 h3 55. Ra8 Ng6 0-1

[Event "Medellin Raza op 9th"]
[Site "Medellin"]
[Date "2019.10.11"]
[Round "1"]
[White "Becerra, Juan David"]
[Black "Pardo Sierra, Aurelio"]
[Result "1-0"]
[WhiteElo "2343"]
[BlackElo "1993"]
[PlyCount "55"]
[EventDate "2019.10.11"]
[EventType "swiss"]
[EventRounds "8"]
[EventCountry "COL"]
[SourceTitle "CBM 192 Extra"]
[Source "Chessbase"]
[SourceDate "2019.11.06"]
[SourceVersion "1"]
[SourceVersionDate "2019.11.06"]
[SourceQuality "1"]

1. e4 c6 2. c4 d5 3. exd5 cxd5 4. cxd5 Qxd5 5. Nc3 Qd8 6. d4 e6 7. Nf3 Nf6 8. Bd3 Be7 9. 0-0 0-0 10. Ne5 Re8 11. Bg5 Nbd7 12. Qf3 Nf8 13. Rfd1 a6 14. Rac1 Ng6 15. h4 Nxe5 16. dxe5 Nd7 17. Qg3 Bxg5 18. hxg5 Qa5 19. f4 Nf8 20. Ne4 Rd8 21. Nf6+ Kh8 22. Qh4 g6 23. Be4 Rd2 24. Kh2 Bd7 25. Rxd2 Qxd2 26. Rc3 Qe2 27. Qh6 Bc6 28. Rh3 1-0

[Event "Medellin Raza op 9th"]
[Site "Medellin"]
[Date "2019.10.11"]
[Round "2"]
[White "Pardo Sierra, Aurelio"]
[Black "Loaiza Cuervo, Santiago"]
[Result "1/2-1/2"]
[WhiteElo "1993"]
[BlackElo "1720"]
[PlyCount "39"]
[EventDate "2019.10.11"]
[EventType "swiss"]
[EventRounds "8"]
[EventCountry "COL"]
[SourceTitle "CBM 192 Extra"]
[Source "Chessbase"]
[SourceDate "2019.11.06"]
[SourceVersion "1"]
[SourceVersionDate "2019.11.06"]
[SourceQuality "1"]

1. d4 Nf6 2. c4 g6 3. Nc3 Bg7 4. e4 d6 5. Be2 0-0 6. Nf3 e5 7. 0-0 Nc6 8. d5 Ne7 9. Ne1 Nd7 10. Be3 f5 11. f3 f4 12. Bf2 g5 13. Nd3 Nf6 14. c5 Rf7 15. Qb3 Bf8 16. Rac1 Ng6 17. Rc2 g4 18. Rfc1 g3 19. hxg3 fxg3 20. Bxg3 1/2-1/2

[Event "La Vega op 3rd"]
[Site "La Vega"]
[Date "2019.08.21"]
[Round "2"]
[White "Mikalsen, Erlend"]
[Black "Pardo Sierra, Aurelio"]
[Result "1-0"]
[WhiteElo "2388"]
[BlackElo "1994"]
[PlyCount "43"]
[EventDate "2019.08.20"]
[EventType "swiss"]
[EventRounds "9"]
[EventCountry "DOM"]
[SourceTitle "EXT 2020"]
[Source "ChessBase"]
[SourceDate "2019.10.17"]
[SourceVersion "1"]
[SourceVersionDate "2019.10.17"]
[SourceQuality "1"]

1. e4 c6 2. d4 d5 3. Nc3 dxe4 4. Nxe4 Nd7 5. Nf3 Ngf6 6. Nxf6+ Nxf6 7. c3 e6 8. Ne5 Be7 9. Bd3 0-0 10. Qe2 c5 11. dxc5 Bxc5 12. Bg5 Be7 13. 0-0-0 Qc7 14. h4 Rd8 15. f4 Rb8 16. Bxf6 Bxf6 17. Qe4 g6 18. h5 b5 19. hxg6 fxg6 20. Nc6 Rd6 21. Nxb8 Qxb8 22. Rxh7 1-0

[Event "Medellin Castro Memorial 36th"]
[Site "Medellin"]
[Date "2019.08.09"]
[Round "5"]
[White "Pazos Gambarrotti, Plinio Efrain"]
[Black "Pardo Sierra, Aurelio"]
[Result "1-0"]
[WhiteElo "2139"]
[BlackElo "1994"]
[PlyCount "95"]
[EventDate "2019.08.07"]
[EventType "swiss"]
[EventRounds "9"]
[EventCountry "COL"]
[SourceTitle "EXT 2020"]
[Source "ChessBase"]
[SourceDate "2019.10.17"]
[SourceVersion "1"]
[SourceVersionDate "2019.10.17"]
[SourceQuality "1"]

1. d4 d5 2. c4 e6 3. Nc3 Nf6 4. Bg5 Nbd7 5. e3 Bb4 6. Bd3 c5 7. cxd5 cxd4 8. exd4 Qa5 9. Nge2 Nxd5 10. Bd2 0-0 11. 0-0 N7f6 12. a3 Be7 13. Ng3 Qb6 14. Nge2 Bd7 15. Qb1 Bc6 16. Rd1 Rfd8 17. Bg5 h6 18. Bh4 Rac8 19. Bg3 Bd6 20. Rd2 Rc7 21. Qd1 Bxg3 22. hxg3 a6 23. Rc1 Rcd7 24. Na4 Qa7 25. Nc5 Rd6 26. Rdc2 Ne7 27. Qe1 Qa8 28. f3 Qa7 29. Qf2 Bd5 30. Ne4 Rc6 31. Nxf6+ gxf6 32. Qe3 Kg7 33. Nf4 Ng8 34. Rc5 Rcd6 35. Rc7 Kf8 36. R1c5 Qb6 37. Rc8 Bc6 38. Rxd8+ Qxd8 39. Bh7 Rxd4 40. Bxg8 Kxg8 41. Nh5 Kh7 42. Kh2 Rd5 43. Rxd5 Bxd5 44. Qd4 Qh8 45. Qh4 f5 46. Qe7 Qxb2 47. Qxf7+ Kh8 48. Nf6 1-0

[Event "Medellin Castro Memorial 36th"]
[Site "Medellin"]
[Date "2019.08.09"]
[Round "4"]
[White "Zapata Cuartas, Juan Carlos"]
[Black "Pardo Sierra, Aurelio"]
[Result "1-0"]
[WhiteElo "2120"]
[BlackElo "1994"]
[PlyCount "91"]
[EventDate "2019.08.07"]
[EventType "swiss"]
[EventRounds "9"]
[EventCountry "COL"]
[SourceTitle "EXT 2020"]
[Source "ChessBase"]
[SourceDate "2019.10.17"]
[SourceVersion "1"]
[SourceVersionDate "2019.10.17"]
[SourceQuality "1"]

1. d4 d5 2. c4 e6 3. Nc3 Nf6 4. Bg5 Nbd7 5. Nf3 Bb4 6. cxd5 exd5 7. Qb3 c5 8. Bxf6 Nxf6 9. a3 Bxc3+ 10. bxc3 0-0 11. dxc5 Qc7 12. e3 Qxc5 13. Bd3 Bg4 14. 0-0 Bxf3 15. gxf3 b6 16. Qb4 Rac8 17. Ba6 Rc7 18. Rac1 Re8 19. Rfd1 g6 20. Qf4 Nh5 21. Qb4 Re6 22. Qxc5 Rxc5 23. Kg2 Nf6 24. c4 dxc4 25. Rxc4 Ra5 26. Bc8 Re7 27. a4 Kg7 28. h4 h5 29. Kg3 Rc5 30. Rxc5 bxc5 31. Ba6 Rc7 32. Bb5 Ng8 33. Kf4 c4 34. Rc1 c3 35. e4 f6 36. Bd3 Rc5 37. Ke3 Ne7 38. Kd4 Ra5 39. Bb5 a6 40. Bd7 g5 41. Rxc3 Ng6 42. hxg5 Ne5 43. gxf6+ Kxf6 44. Bc6 Kg5 45. Ke3 Ng6 46. Rc1 1-0

[Event "COL-ch U2300"]
[Site "Pereira"]
[Date "2019.03.24"]
[Round "7"]
[White "Garcia Alarcon, Alvaro"]
[Black "Pardo Sierra, Aurelio"]
[Result "0-1"]
[WhiteElo "2118"]
[BlackElo "1980"]
[PlyCount "82"]
[EventDate "2019.03.21"]
[EventType "swiss"]
[EventRounds "9"]
[EventCountry "COL"]
[SourceTitle "CBM 189 Extra"]
[Source "ChessBase"]
[SourceDate "2019.06.03"]
[SourceVersion "1"]
[SourceVersionDate "2019.06.03"]
[SourceQuality "1"]

1. d4 d5 2. Nf3 Nf6 3. c4 e6 4. Bg5 Be7 5. e3 0-0 6. Nc3 a6 7. Qc2 h6 8. h4 c5 9. dxc5 Nc6 10. a3 Qa5 11. Bxf6 Bxf6 12. g4 d4 13. exd4 Bxd4 14. Nxd4 Nxd4 15. Qe4 Nb3 16. Rd1 Qxc5 17. g5 h5 18. Bd3 g6 19. Bc2 Na5 20. Bd3 Nb3 21. Qe2 Nd4 22. Qe3 e5 23. Ne4 Qa7 24. Nf6+ Kh8 25. 0-0 Bg4 26. Nxg4 hxg4 27. Be4 Rae8 28. Kg2 Qc5 29. Bd5 b5 30. b4 Qc8 31. c5 Kg7 32. Rh1 Rh8 33. Qg3 Nf5 34. Qc3 Nxh4+ 35. Kf1 Qf5 36. c6 Nf3 37. Rxh8 Rxh8 38. Ke2 Rh2 39. Bxf3 gxf3+ 40. Ke3 Qf4+ 41. Kd3 Rxf2 0-1

[Event "COL-ch U2300"]
[Site "Pereira"]
[Date "2019.03.22"]
[Round "3"]
[White "Quiros, Juan Pablo"]
[Black "Pardo Sierra, Aurelio"]
[Result "0-1"]
[WhiteElo "2107"]
[BlackElo "1980"]
[PlyCount "34"]
[EventDate "2019.03.21"]
[EventType "swiss"]
[EventRounds "9"]
[EventCountry "COL"]
[SourceTitle "CBM 189 Extra"]
[Source "ChessBase"]
[SourceDate "2019.06.03"]
[SourceVersion "1"]
[SourceVersionDate "2019.06.03"]
[SourceQuality "1"]

1. d4 d5 2. Nf3 Nf6 3. c4 e6 4. Nc3 Bb4 5. Qa4+ Nc6 6. Ne5 Bd7 7. Nxd7 Qxd7 8. e3 0-0 9. Qc2 e5 10. dxe5 Nxe5 11. cxd5 Qxd5 12. Bd2 Qc6 13. a3 Bd6 14. Rc1 a6 15. Ne2 Qxc2 16. Rxc2 Nd3+ 17. Kd1 Nxf2+ 0-1

[Event "COL-ch"]
[Site "Bogota"]
[Date "2018.11.11"]
[Round "8"]
[White "Pardo Sierra, Aurelio"]
[Black "Lora, Joel Fernando"]
[Result "0-1"]
[WhiteElo "1988"]
[BlackElo "2154"]
[PlyCount "60"]
[EventDate "2018.11.06"]
[EventType "swiss"]
[EventRounds "9"]
[EventCountry "COL"]
[SourceTitle "CBM 187 Extra"]
[Source "ChessBase"]
[SourceDate "2018.11.04"]
[SourceVersion "1"]
[SourceVersionDate "2018.11.04"]
[SourceQuality "1"]

1. d4 Nf6 2. c4 e6 3. Nc3 Bb4 4. Qc2 0-0 5. a3 Bxc3+ 6. Qxc3 b6 7. Bg5 Bb7 8. e3 d6 9. Nf3 Nbd7 10. Be2 Re8 11. 0-0 h6 12. Bxf6 Nxf6 13. b4 Ne4 14. Qc2 Ng5 15. Qd1 Ne4 16. Rc1 c5 17. Ne1 Qc7 18. Bf3 Rac8 19. Nd3 Red8 20. Nf4 cxd4 21. Bxe4 Bxe4 22. Qxd4 d5 23. cxd5 Qxc1 24. Qxe4 exd5 25. Qe5 Qc3 26. Qf5 Qc2 27. Qh3 Qe4 28. Ne2 Qd3 29. Nd4 Qxa3 30. b5 Rc1 0-1

[Event "COL-ch"]
[Site "Bogota"]
[Date "2018.11.07"]
[Round "2"]
[White "Pardo Sierra, Aurelio"]
[Black "Torres, Juan Camilo"]
[Result "1/2-1/2"]
[WhiteElo "1988"]
[BlackElo "2279"]
[PlyCount "143"]
[EventDate "2018.11.06"]
[EventType "swiss"]
[EventRounds "9"]
[EventCountry "COL"]
[SourceTitle "CBM 187 Extra"]
[Source "ChessBase"]
[SourceDate "2018.11.04"]
[SourceVersion "1"]
[SourceVersionDate "2018.11.04"]
[SourceQuality "1"]

1. d4 Nf6 2. c4 d6 3. Nc3 Nbd7 4. e4 c6 5. Nf3 e5 6. Be2 Be7 7. 0-0 0-0 8. h3 Qc7 9. Be3 Re8 10. b4 exd4 11. Bxd4 Ne5 12. a3 Nxf3+ 13. Bxf3 Be6 14. Be2 Nd7 15. f4 f5 16. exf5 Bxf5 17. g4 Bg6 18. g5 d5 19. Bd3 Bxg5 20. Bxg6 hxg6 21. fxg5 Qg3+ 22. Kh1 Qxh3+ 23. Kg1 Qg3+ 24. Kh1 Qh4+ 25. Kg2 Qxg5+ 26. Kh3 Nf6 27. cxd5 Kf7 28. Rxf6+ gxf6 29. Qg4 Re3+ 30. Bxe3 Rh8+ 31. Kg3 Qxe3+ 32. Kg2 f5 33. Qg3 Qd2+ 34. Kg1 Qd4+ 35. Kg2 Qd2+ 36. Kg1 Rh5 37. Qc7+ Kg8 38. Qd8+ Kg7 39. Qe7+ Kh6 40. Qf8+ Kg5 41. Qe7+ Kg4 42. Qe5 Rh3 43. Ne2 cxd5 44. Kf2 Rf3+ 45. Kg2 Qe3 46. Qxe3 Rxe3 47. Kf2 Rf3+ 48. Kg2 Rd3 49. Kf2 Rf3+ 50. Kg2 g5 51. b5 f4 52. a4 Rh3 53. Rg1 Rd3 54. Kf2+ Kf5 55. Rc1 Ra3 56. Rc7 Rxa4 57. Rxb7 Kg4 58. Rd7 f3 59. Nc3 Ra3 60. Nxd5 Ra2+ 61. Kf1 Kg3 62. Nc3 Ra1+ 63. Rd1 Rxd1+ 64. Nxd1 Kf4 65. Nc3 g4 66. Nd5+ Ke5 67. Ne7 g3 68. Nc6+ Kd6 69. Nxa7 Kc5 70. Nc6 Kxb5 71. Nd4+ Kc4 72. Nxf3 1/2-1/2

[Event "COL-ch"]
[Site "Bogota"]
[Date "2018.11.06"]
[Round "1"]
[White "Florez Caceres, Rafael Omar"]
[Black "Pardo Sierra, Aurelio"]
[Result "0-1"]
[WhiteElo "1514"]
[BlackElo "1988"]
[PlyCount "48"]
[EventDate "2018.11.06"]
[EventType "swiss"]
[EventRounds "9"]
[EventCountry "COL"]
[SourceTitle "CBM 187 Extra"]
[Source "ChessBase"]
[SourceDate "2018.11.04"]
[SourceVersion "1"]
[SourceVersionDate "2018.11.04"]
[SourceQuality "1"]

1. e4 c6 2. c4 d5 3. cxd5 cxd5 4. exd5 Qxd5 5. Nc3 Qd6 6. d4 a6 7. g3 e6 8. Bg2 Nf6 9. Bf4 Qb6 10. Qd2 Bd7 11. Rd1 Bb4 12. a3 Bxc3 13. bxc3 0-0 14. Nf3 Bc6 15. 0-0 Qa5 16. Qb2 Nbd7 17. Bd6 Rfc8 18. Bb4 Qh5 19. Nd2 Bxg2 20. Kxg2 b5 21. Qc2 a5 22. Be7 Nd5 23. Bd6 Nxc3 24. Rc1 Qd5+ 0-1